| 000 | 00461nam a22001817a 4500 | ||
|---|---|---|---|
| 003 | MPLRDC | ||
| 005 | 20220104163633.0 | ||
| 008 | 210129b ||||| |||| 00| 0 eng d | ||
| 020 | _a1-592-40281-6 | ||
| 082 | _a542.77 WIN | ||
| 100 | _aLARRY WINGET | ||
| 245 |
_aIT'S CALLED WORK FOR A REASON! _c |
||
| 250 | _a初版 | ||
| 260 |
_a美国 _bPENGUIN BOOKS LTD. _c2007 |
||
| 300 | _b139 | ||
| 650 | _a职业问题--就业; 失业 | ||
| 942 |
_cBK _o542.77 WIN |
||
| 999 |
_c56567 _d56557 |
||